Analýza rastu a metabolizmu druhu Geotrichum candidum diplomová práca

Gespeichert in:
Bibliographische Detailangaben
1. Verfasser: Macáková, Martina
Format: Buch
Sprache:Slowakisch
Veröffentlicht: Bratislava STU FCHPT 2013
Online-Zugang:Im OPAC anzeigen
Tags: Tag hinzufügen
Keine Tags, Fügen Sie das erste Tag hinzu!

MARC

LEADER 00000nam a2200000 a 4500
005 20260127134223.0
008 130716 2013 000 0 slo d
035 |a vtls010527990 
039 9 |y 201307161345  |z mschk03 
040 |a STUSCHK1  |b slo  |c STUSCHK1  |e AACR2 
100 1 |a Macáková, Martina 
245 1 |a Analýza rastu a metabolizmu druhu Geotrichum candidum  |b diplomová práca  |c Martina Macáková 
260 |a Bratislava  |b STU FCHPT  |c 2013 
300 |a 89 s.  |b il., tab.  |c 30 cm 
500 |a Obhájené: 11.06.2013 
500 |a Štud. odbor: potravinárstvo 
500 |a Škol. prac.: Oddelenie výživy a hodnotenia potravín 
500 |a Evid. číslo: FCHPT-5465-58763 
910 |a SCHK95 
999 |c 7048  |d 7048